[Event "POL-ch Academic (Women)"]
[Site "Chorzow"]
[Date "2022.04.01"]
[Round "5"]
[White "Antolak, Julia"]
[Black "Cyboran, Katarzyna"]
[Result "1-0"]
[WhiteElo "2115"]
[BlackElo "1729"]
[PlyCount "55"]
[EventDate "2022.04.01"]
[EventType "swiss (rapid)"]
[EventRounds "9"]
[EventCountry "POL"]
[SourceTitle "EXT 2024"]
[Source "ChessBase"]
[SourceDate "2023.10.10"]
[SourceVersion "1"]
[SourceVersionDate "2023.10.10"]
[SourceQuality "1"]

1. e4 e6 2. d4 d5 3. Nd2 Nf6 4. e5 Nfd7 5. Bd3 c5 6. c3 Nc6 7. Ne2 cxd4 8. cxd4 f6 9. exf6 Nxf6 10. 0-0 Bd6 11. Nf3 0-0 12. Bg5 Qc7 13. Bh4 Bd7 14. Bg3 e5 15. dxe5 Nxe5 16. Nxe5 Bxe5 17. Nd4 Bg4 18. Qb3 Rad8 19. Rae1 Rfe8 20. Rxe5 Rxe5 21. h3 Bc8 22. Nf3 Nd7 23. Nxe5 Nxe5 24. Re1 Re8 25. Qxd5+ Be6 26. Qxe5 Qb6 27. Bc4 Kf7 28. Qf5+ 1-0

[Event "POL-chT 2nd League"]
[Site "Sypniewo"]
[Date "2021.09.12"]
[Round "9.1"]
[White "Cyboran, Katarzyna"]
[Black "Krupa, Monika"]
[Result "0-1"]
[WhiteElo "1773"]
[BlackElo "2194"]
[PlyCount "78"]
[EventDate "2021.09.04"]
[EventType "team-swiss"]
[EventRounds "9"]
[EventCountry "POL"]
[SourceTitle "CBM 204 Extra"]
[Source "ChessBase"]
[SourceDate "2021.11.30"]
[SourceVersion "1"]
[SourceVersionDate "2021.11.30"]
[SourceQuality "1"]
[WhiteTeam "Chroscice Victoria"]
[BlackTeam "Kopernik WKS"]
[WhiteTeamCountry "POL"]
[BlackTeamCountry "POL"]

1. e4 c5 2. Nf3 Nc6 3. Bb5 g6 4. Bxc6 dxc6 5. 0-0 Bg7 6. Re1 e5 7. d3 Bg4 8. h3 Bxf3 9. Qxf3 Qc7 10. Be3 b6 11. a4 a5 12. Nd2 Nf6 13. Nb3 Nd7 14. Rad1 0-0 15. Qg3 Nf6 16. Nd2 Nh5 17. Qh4 Rad8 18. b3 Rd7 19. g3 h6 20. f4 f5 21. exf5 Rxf5 22. Ne4 exf4 23. g4 fxe3 24. gxf5 Nf4 25. f6 e2 26. Rd2 Bf8 27. Ng3 Rd4 28. Ne4 Qe5 29. Qg4 h5 30. Qg3 c4 31. bxc4 Rxe4 32. dxe4 Bb4 33. Rd8+ Kf7 34. Kh1 Qxe4+ 35. Kh2 Bxe1 36. Qg5 Bg3+ 37. Qxg3 e1Q 38. Rd7+ Kxf6 39. Rd6+ Kg7 0-1

[Event "POL-chT 2nd League"]
[Site "Sypniewo"]
[Date "2021.09.06"]
[Round "3.10"]
[White "Trusz, Julia"]
[Black "Cyboran, Katarzyna"]
[Result "1/2-1/2"]
[WhiteElo "1659"]
[BlackElo "1773"]
[PlyCount "38"]
[EventDate "2021.09.04"]
[EventType "team-swiss"]
[EventRounds "9"]
[EventCountry "POL"]
[SourceTitle "CBM 204 Extra"]
[Source "ChessBase"]
[SourceDate "2021.11.30"]
[SourceVersion "1"]
[SourceVersionDate "2021.11.30"]
[SourceQuality "1"]
[WhiteTeam "Radkow Giecek"]
[BlackTeam "Chroscice Victoria"]
[WhiteTeamCountry "POL"]
[BlackTeamCountry "POL"]

1. d4 e6 2. c4 f5 3. g3 Nf6 4. Bg2 d5 5. Nh3 c6 6. 0-0 Bd6 7. Bf4 0-0 8. Bxd6 Qxd6 9. Nd2 Nbd7 10. Rc1 e5 11. cxd5 cxd5 12. dxe5 Qxe5 13. Rc2 Nb6 14. Nf3 Qd6 15. Qd4 Re8 16. Rfc1 Bd7 17. Qf4 Qe7 18. Nd4 g6 19. Rc7 Nh5 1/2-1/2

[Event "POL-chT 2nd League"]
[Site "Jastrzebia Gora"]
[Date "2018.09.02"]
[Round "2.8"]
[White "Dmochowska, Agnieszka"]
[Black "Cyboran, Katarzyna"]
[Result "1-0"]
[WhiteElo "2125"]
[BlackElo "1825"]
[PlyCount "63"]
[EventDate "2018.09.01"]
[EventType "team-swiss"]
[EventRounds "9"]
[EventCountry "POL"]
[SourceTitle "CBM 186 Extra"]
[Source "ChessBase"]
[SourceDate "2018.08.24"]
[SourceVersion "1"]
[SourceVersionDate "2018.08.24"]
[SourceQuality "1"]
[WhiteTeam "Wroclaw Polonia"]
[BlackTeam "Sedziszow Malopolski"]
[WhiteTeamCountry "POL"]
[BlackTeamCountry "POL"]

1. e4 c5 2. Nf3 e6 3. d4 cxd4 4. Nxd4 a6 5. c4 b6 6. Nc3 Bb7 7. Be3 d6 8. Bd3 Nd7 9. 0-0 Qc7 10. Rc1 Ngf6 11. f3 Rc8 12. b3 Be7 13. g4 Ne5 14. Be2 h5 15. g5 Nfd7 16. f4 Nc6 17. Bxh5 Nxd4 18. Bxd4 Nc5 19. Qe2 Kf8 20. f5 e5 21. f6 exd4 22. fxe7+ Qxe7 23. Rxf7+ Qxf7 24. Bxf7 dxc3 25. Rf1 Ke7 26. e5 Ne4 27. Bd5 Bxd5 28. cxd5 c2 29. Qxe4 Rhf8 30. Rc1 dxe5 31. Qxe5+ Kf7 32. Qe6# 1-0

[Event "Krakow op-B 27th"]
[Site "Krakow"]
[Date "2016.12.27"]
[Round "1"]
[White "Cyboran, Katarzyna"]
[Black "Popiol, Michal"]
[Result "0-1"]
[WhiteElo "1838"]
[BlackElo "2006"]
[PlyCount "54"]
[EventDate "2016.12.27"]
[EventType "swiss"]
[EventRounds "9"]
[EventCountry "POL"]
[SourceTitle "CBM 176 Extra"]
[Source "ChessBase"]
[SourceDate "2017.03.02"]
[SourceVersion "1"]
[SourceVersionDate "2017.03.02"]
[SourceQuality "1"]

1. e4 e6 2. d4 d5 3. e5 c5 4. c3 Nc6 5. Nf3 Qb6 6. a3 Nh6 7. b4 cxd4 8. cxd4 Nf5 9. Bb2 Bd7 10. Qd3 Be7 11. Nbd2 f6 12. Nb3 fxe5 13. Nxe5 Nxe5 14. dxe5 0-0 15. Be2 Ba4 16. Nd4 Bc5 17. Bd1 Bd7 18. Nxf5 Bxf2+ 19. Kd2 Rxf5 20. Bg4 Rf4 21. Be2 Raf8 22. g3 Re4 23. Rhf1 Re3 24. Qc2 Rxe2+ 25. Kxe2 Bb5+ 26. Kd2 Qe3+ 27. Kd1 Bxf1 0-1

[Event "Golden Rook op 56th"]
[Site "Chotowa"]
[Date "2014.06.12"]
[Round "7"]
[White "Chrzaszcz, Malvina"]
[Black "Cyboran, Katarzyna"]
[Result "0-1"]
[WhiteElo "2051"]
[BlackElo "1742"]
[PlyCount "78"]
[EventDate "2014.06.08"]
[EventType "team-swiss"]
[EventRounds "9"]
[EventCountry "POL"]
[SourceTitle "EXT 2015"]
[Source "ChessBase"]
[SourceDate "2014.11.20"]
[SourceVersion "1"]
[SourceVersionDate "2014.11.20"]
[SourceQuality "1"]

1. e4 e6 2. d4 d5 3. Nd2 Nf6 4. e5 Nfd7 5. Bd3 c5 6. c3 Nc6 7. Ne2 cxd4 8. cxd4 f6 9. exf6 Nxf6 10. Nf3 Bd6 11. 0-0 Qc7 12. Bg5 0-0 13. Qc2 h6 14. Bh4 Nh5 15. Bh7+ Kh8 16. Bg6 Nf4 17. Nxf4 Bxf4 18. Rfe1 Bd7 19. a3 Rac8 20. b4 e5 21. dxe5 Bg4 22. e6 Bxf3 23. e7 Bxh2+ 24. Kf1 Qf4 25. exf8Q+ Rxf8 26. Qc5 Be4 27. Bxe4 dxe4 28. g3 Qf3 29. Qe3 Qh1+ 30. Ke2 Qg2 31. Rad1 Rf3 32. Rd8+ Nxd8 33. Qxa7 e3 34. Rf1 Rxf2+ 35. Rxf2 Qxf2+ 36. Kd3 Qd2+ 37. Kc4 g5 38. Qb6 Kg7 39. Qc7+ Nf7 0-1

[Event "Golden Rook op 56th"]
[Site "Chotowa"]
[Date "2014.06.09"]
[Round "2"]
[White "Cyboran, Katarzyna"]
[Black "Sosnowska, Elzbieta"]
[Result "0-1"]
[WhiteElo "1742"]
[BlackElo "1894"]
[PlyCount "128"]
[EventDate "2014.06.08"]
[EventType "team-swiss"]
[EventRounds "9"]
[EventCountry "POL"]
[SourceTitle "EXT 2015"]
[Source "ChessBase"]
[SourceDate "2014.11.20"]
[SourceVersion "1"]
[SourceVersionDate "2014.11.20"]
[SourceQuality "1"]

1. e4 e5 2. d4 exd4 3. Qxd4 Nc6 4. Qe3 Nf6 5. Nc3 Bb4 6. Bd2 Qe7 7. 0-0-0 0-0 8. f3 d6 9. Bc4 Bc5 10. Qg5 Ne5 11. Bb3 c6 12. h3 Bf2 13. Be1 h6 14. Qd2 Bxe1 15. Qxe1 b5 16. f4 Ng6 17. f5 Ne5 18. Nf3 a5 19. a4 b4 20. Nb1 Ba6 21. Nbd2 Rfd8 22. Qe3 c5 23. Nxe5 Qxe5 24. Rhe1 Rac8 25. Nc4 Bxc4 26. Bxc4 Re8 27. g4 Qxe4 28. Qxe4 Rxe4 29. Rxe4 Nxe4 30. Re1 Nf6 31. Re7 d5 32. Bb5 c4 33. Kd2 d4 34. b3 Kf8 35. Re5 cxb3 36. cxb3 Rc3 37. Bc4 Rxh3 38. Rxa5 Nxg4 39. Ra8+ Ke7 40. a5 Ne5 41. a6 Nxc4+ 42. bxc4 Ra3 43. Ra7+ Kf6 44. c5 Kxf5 45. Rxf7+ Ke5 46. a7 Kd5 47. Rxg7 Kxc5 48. Rd7 Kc4 49. Rc7+ Kb5 50. Rb7+ Kc5 51. Rd7 h5 52. Kc2 h4 53. Rh7 Rxa7 54. Rh8 Ra2+ 55. Kb3 Ra3+ 56. Kc2 Rc3+ 57. Kd2 b3 58. Rb8 Kc4 59. Rc8+ Kb4 60. Ra8 b2 61. Rb8+ Ka3 62. Ra8+ Kb3 63. Rb8+ Ka2 64. Ra8+ Ra3 0-1

[Event "Olsztyn op U18 blitz"]
[Site "Olsztyn"]
[Date "2013.08.04"]
[Round "13"]
[White "Cyboran, Katarzyna"]
[Black "Rykala, Monika"]
[Result "0-1"]
[WhiteElo "1937"]
[BlackElo "1937"]
[PlyCount "178"]
[EventDate "2013.08.03"]
[EventType "swiss (blitz)"]
[EventRounds "22"]
[EventCountry "POL"]
[SourceTitle "CBM 155 Extra"]
[Source "ChessBase"]
[SourceDate "2013.08.26"]
[SourceVersion "1"]
[SourceVersionDate "2013.08.26"]
[SourceQuality "1"]

1. e4 c5 2. Nf3 Nf6 3. Nc3 Nc6 4. d4 d5 5. exd5 Nxd5 6. Nxd5 Qxd5 7. Be3 cxd4 8. Nxd4 Nxd4 9. Qxd4 Qxd4 10. Bxd4 Bd7 11. Be2 Bc6 12. f3 f6 13. Kf2 e5 14. Be3 b6 15. Rad1 Rc8 16. Rd2 Bb4 17. c3 Be7 18. Rhd1 0-0 19. Bc4+ Kh8 20. Bb3 Bb5 21. a4 Bc6 22. Bc2 g6 23. a5 bxa5 24. Bxa7 Ra8 25. Be3 Rab8 26. Be4 Bb5 27. Ba7 Rbd8 28. Bb6 Rxd2+ 29. Rxd2 a4 30. Bd3 Bc6 31. Be3 Rb8 32. Ke2 Rc8 33. Rd1 Rb8 34. Rd2 Rc8 35. Rd1 Rb8 36. Rd2 Rc8 37. Rd1 Rb8 38. Rd2 Kg7 39. Be4 Bb5+ 40. Bd3 Bc6 41. Be4 Bb5+ 42. Bd3 Bc6 43. Be4 Bb5+ 44. Bd3 Bc6 45. c4 a3 46. bxa3 Bxa3 47. Be4 Bxe4 48. fxe4 Rc8 49. Rc2 Bb4 50. Kd3 Rd8+ 51. Ke2 Rc8 52. Kd1 Kf7 53. Kc1 Ke6 54. Kb2 Kd6 55. Kb3 Bc5 56. Ka4 Bxe3 57. Kb5 Rb8+ 58. Ka4 Kc5 59. Ka3 Bd4 60. Ka4 Ra8+ 61. Kb3 Ra5 62. Rc1 Ra8 63. Rc2 Ra1 64. g3 Rb1+ 65. Ka4 Rb4+ 66. Ka5 Rxc4 67. Ra2 Bc3+ 68. Ka6 Rb4 69. Ka7 Kc4 70. Ra6 Kb3 71. Rxf6 Ra4+ 72. Kb6 Bd4+ 73. Kc7 Ra2 74. h4 Rg2 75. Rf3+ Kc4 76. Kd7 Bf2 77. Ke6 Bxg3 78. Kf7 Bxh4 79. Kg7 h5 80. Kf7 Kd4 81. Ke6 Kxe4 82. Ra3 g5 83. Kd6 Bg3 84. Ke6 h4 85. Kf6 h3 86. Kxg5 Bf4+ 87. Kh4 h2 88. Rh3 Kf5 89. Kh5 Rg8 0-1

[Event "Olsztyn op U18 blitz"]
[Site "Olsztyn"]
[Date "2013.08.04"]
[Round "14"]
[White "Rykala, Monika"]
[Black "Cyboran, Katarzyna"]
[Result "1/2-1/2"]
[WhiteElo "1937"]
[BlackElo "1937"]
[PlyCount "134"]
[EventDate "2013.08.03"]
[EventType "swiss (blitz)"]
[EventRounds "22"]
[EventCountry "POL"]
[SourceTitle "CBM 155 Extra"]
[Source "ChessBase"]
[SourceDate "2013.08.26"]
[SourceVersion "1"]
[SourceVersionDate "2013.08.26"]
[SourceQuality "1"]

1. d4 e6 2. c4 f5 3. Nf3 Nf6 4. Nc3 b6 5. Bg5 Bb7 6. e3 Be7 7. Be2 Ne4 8. Bxe7 Qxe7 9. Nxe4 fxe4 10. Ne5 d6 11. Bh5+ Kf8 12. Nf7 Rg8 13. Qg4 h6 14. Qf4 Qf6 15. Qxf6 gxf6 16. Nxh6 Rh8 17. Ng4 Rxh5 18. Nxf6 Rh6 19. Ng4 Rg6 20. h3 Nd7 21. Ke2 Nf6 22. Nxf6 Rxf6 23. b3 Ke7 24. g4 Rh8 25. h4 Rfh6 26. h5 Bc8 27. Rh4 e5 28. Rah1 exd4 29. exd4 Kf6 30. f3 exf3+ 31. Kxf3 Bb7+ 32. d5 Kg5 33. Kg3 Bc8 34. Rf1 R6h7 35. Rh2 Bxg4 36. Rhf2 Rxh5 37. Rf7 Rh3+ 38. Kg2 Rh2+ 39. Kg1 Rh1+ 40. Kg2 Rxf1 41. Kxf1 Rh6 42. Rxc7 Rf6+ 43. Kg2 Bh5 44. Kg3 Rf3+ 45. Kg2 Kg4 46. Rg7+ Kf4 47. Rf7+ Ke3 48. Re7+ Kd3 49. Rxa7 Rf4 50. Rb7 Re4 51. Rxb6 Re2+ 52. Kg3 Rxa2 53. Rxd6 Rb2 54. Rb6 Bd1 55. d6 Kc3 56. Rb5 Rd2 57. c5 Bxb3 58. Rb7 Bd5 59. Re7 Bc6 60. Rc7 Ba4 61. Kf4 Kc4 62. Ke5 Re2+ 63. Kf6 Rd2 64. Ke7 Re2+ 65. Kf6 Rd2 66. Ra7 Kxc5 67. Rxa4 Rxd6+ 1/2-1/2

[Event "Olsztyn op U18 blitz"]
[Site "Olsztyn"]
[Date "2013.08.03"]
[Round "4"]
[White "Cichocka, Urszula"]
[Black "Cyboran, Katarzyna"]
[Result "0-1"]
[WhiteElo "1699"]
[BlackElo "1937"]
[PlyCount "86"]
[EventDate "2013.08.03"]
[EventType "swiss (blitz)"]
[EventRounds "22"]
[EventCountry "POL"]
[SourceTitle "CBM 155 Extra"]
[Source "ChessBase"]
[SourceDate "2013.08.26"]
[SourceVersion "1"]
[SourceVersionDate "2013.08.26"]
[SourceQuality "1"]

1. e4 c5 2. Nf3 e6 3. c4 a6 4. d4 cxd4 5. Nxd4 b6 6. Nc3 Bb7 7. Be2 d6 8. 0-0 Nf6 9. f3 Nbd7 10. Be3 Qc7 11. b3 Be7 12. Rc1 0-0 13. Kh1 Rfe8 14. Qe1 Nb8 15. Qg3 Nc6 16. Rfd1 Rac8 17. f4 Nxd4 18. Bxd4 Qd8 19. Bf3 Bf8 20. Rf1 Nd7 21. f5 e5 22. Be3 Nc5 23. Nd5 Bxd5 24. cxd5 f6 25. Bh5 Re7 26. Qh4 Rec7 27. Bg6 h6 28. Rcd1 a5 29. a3 b5 30. b4 axb4 31. axb4 Na6 32. Bb6 Nxb4 33. Bxc7 Rxc7 34. Rb1 Rc4 35. Bh5 Qd7 36. Rf3 Nc2 37. Rg3 b4 38. Qxf6 Rxe4 39. Bf3 Rf4 40. Qxh6 Qxf5 41. Rc1 b3 42. Rb1 Nd4 43. Rb2 e4 0-1

[Event "Olsztyn op U18 blitz"]
[Site "Olsztyn"]
[Date "2013.08.03"]
[Round "3"]
[White "Cyboran, Katarzyna"]
[Black "Cichocka, Urszula"]
[Result "1-0"]
[WhiteElo "1937"]
[BlackElo "1699"]
[PlyCount "99"]
[EventDate "2013.08.03"]
[EventType "swiss (blitz)"]
[EventRounds "22"]
[EventCountry "POL"]
[SourceTitle "CBM 155 Extra"]
[Source "ChessBase"]
[SourceDate "2013.08.26"]
[SourceVersion "1"]
[SourceVersionDate "2013.08.26"]
[SourceQuality "1"]

1. e4 e6 2. d4 d5 3. e5 c5 4. c3 Nc6 5. Nf3 Qb6 6. a3 a5 7. Be2 Bd7 8. 0-0 cxd4 9. cxd4 Nge7 10. b3 Ng6 11. Bb2 Be7 12. Nc3 0-0 13. Na4 Qd8 14. Rc1 f6 15. Nc5 b6 16. Nxe6 Bxe6 17. Rxc6 Qd7 18. Bb5 Rab8 19. Rxb6 Qc7 20. Rxe6 Rxb5 21. exf6 Rxf6 22. Rxf6 Bxf6 23. Qe2 Qd7 24. Qc2 Rb8 25. Bc1 Rc8 26. Qe2 Qf5 27. Be3 Qg4 28. Re1 Rf8 29. Nd2 Qd7 30. b4 axb4 31. axb4 Rb8 32. Rb1 Qf5 33. h3 Nh4 34. Qg4 Qd3 35. Qd1 Nf5 36. Nf3 Qe4 37. b5 Nxe3 38. fxe3 Qxe3+ 39. Kh1 Qf4 40. b6 Rb7 41. Ne5 Bxe5 42. dxe5 Qxe5 43. Rb5 Re7 44. b7 Qb8 45. Qc1 h6 46. Qc8+ Re8 47. Qxe8+ Qxe8 48. b8Q Kf7 49. Qxe8+ Kxe8 50. Rxd5 1-0

[Event "Olsztyn op U18 blitz"]
[Site "Olsztyn"]
[Date "2013.08.03"]
[Round "8"]
[White "Cyboran, Katarzyna"]
[Black "Wisniowska, Klaudia"]
[Result "1-0"]
[WhiteElo "1937"]
[BlackElo "2153"]
[PlyCount "65"]
[EventDate "2013.08.03"]
[EventType "swiss (blitz)"]
[EventRounds "22"]
[EventCountry "POL"]
[SourceTitle "CBM 155 Extra"]
[Source "ChessBase"]
[SourceDate "2013.08.26"]
[SourceVersion "1"]
[SourceVersionDate "2013.08.26"]
[SourceQuality "1"]

1. e4 c5 2. Nf3 g6 3. d4 Bg7 4. Nc3 cxd4 5. Nxd4 Nc6 6. Be3 Nf6 7. f3 0-0 8. Qd2 d5 9. Nxc6 bxc6 10. exd5 cxd5 11. Bd4 Bb7 12. Be2 Qc7 13. 0-0 e5 14. Nb5 Qb8 15. Bc5 a6 16. Bxf8 Qxf8 17. Nc3 d4 18. Nd1 Bh6 19. Qd3 Nd5 20. c3 Nf4 21. Qc2 Qc5 22. Kh1 Rd8 23. Nf2 Nxe2 24. Qxe2 dxc3 25. bxc3 Qxc3 26. Ne4 Bxe4 27. Qxe4 Rd2 28. Rac1 Qb2 29. Rg1 Kg7 30. Rb1 Qxa2 31. Qxe5+ Kg8 32. Rb8+ Bf8 33. Qe7 1-0

[Event "Olsztyn op U18 blitz"]
[Site "Olsztyn"]
[Date "2013.08.03"]
[Round "10"]
[White "Lach, Aleksandra"]
[Black "Cyboran, Katarzyna"]
[Result "1-0"]
[WhiteElo "1699"]
[BlackElo "1937"]
[PlyCount "85"]
[EventDate "2013.08.03"]
[EventType "swiss (blitz)"]
[EventRounds "22"]
[EventCountry "POL"]
[SourceTitle "CBM 155 Extra"]
[Source "ChessBase"]
[SourceDate "2013.08.26"]
[SourceVersion "1"]
[SourceVersionDate "2013.08.26"]
[SourceQuality "1"]

1. e4 c5 2. Nf3 Nc6 3. d3 e6 4. g3 d5 5. Nbd2 e5 6. Bg2 d4 7. 0-0 Bg4 8. h3 Be6 9. Nh2 Qd7 10. h4 Bd6 11. b3 Nf6 12. f4 Bg4 13. Nxg4 Qxg4 14. Qxg4 Nxg4 15. Nc4 Bc7 16. a4 exf4 17. Bxf4 Nge5 18. Bh3 Nxc4 19. bxc4 Bxf4 20. gxf4 Ke7 21. e5 Nb4 22. Rac1 Rad8 23. Bg2 Rd7 24. Be4 g6 25. Kh2 Na6 26. f5 gxf5 27. Rxf5 Nb8 28. Rcf1 Ke8 29. Bd5 Rf8 30. e6 Re7 31. exf7+ Kd8 32. R1f2 Nc6 33. Rg5 Ne5 34. Rg8 Rexf7 35. Rxf8+ Rxf8 36. Rxf8+ Ke7 37. Rb8 b6 38. Rb7+ Kf6 39. Rxh7 Ng4+ 40. Kg3 Ne3 41. h5 Nxc2 42. Kf4 Ne1 43. Rf7# 1-0

[Event "POL-chT U19 1st League"]
[Site "Karpacz"]
[Date "2013.07.26"]
[Round "5"]
[White "Cyboran, Katarzyna"]
[Black "Rykala, Monika"]
[Result "1-0"]
[WhiteElo "1763"]
[BlackElo "1867"]
[PlyCount "120"]
[EventDate "2013.07.22"]
[EventType "team-tourn"]
[EventRounds "9"]
[EventCountry "POL"]
[SourceTitle "EXT 2014"]
[Source "ChessBase"]
[SourceDate "2013.11.20"]
[SourceVersion "1"]
[SourceVersionDate "2013.11.20"]
[SourceQuality "1"]
[WhiteTeam "Czarna LKSz GCKiP U19"]
[BlackTeam "Zary ZKSz U19"]
[WhiteTeamCountry "POL"]
[BlackTeamCountry "POL"]

1. e4 c5 2. Nf3 d6 3. d4 cxd4 4. Nxd4 Nf6 5. Nc3 a6 6. Bg5 Nbd7 7. f4 e6 8. Qf3 Be7 9. 0-0-0 Qc7 10. g4 b5 11. Bxf6 Nxf6 12. g5 Nd7 13. f5 Nc5 14. h4 b4 15. Nb1 Bb7 16. fxe6 fxe6 17. Nd2 e5 18. Nf5 0-0 19. Bc4+ Kh8 20. g6 h6 21. Qh5 Rxf5 22. Qxf5 Nxe4 23. Nxe4 Qxc4 24. Rhe1 Bxe4 25. Qxe4 Rc8 26. Qxc4 Rxc4 27. Rh1 Kg8 28. Rd3 Rc6 29. Kd2 Kf8 30. c3 d5 31. Rxd5 bxc3+ 32. bxc3 Rxg6 33. Rxe5 Rc6 34. Rf1+ Bf6 35. Re4 Kg8 36. Rf3 Rc5 37. Kc2 Kf7 38. Kb3 Kg6 39. Kb4 Rb5+ 40. Kc4 Ra5 41. Kb3 Rb5+ 42. Kc2 Rc5 43. Kb3 Rb5+ 44. Rb4 Rc5 45. a4 Kf7 46. Rb6 a5 47. Rb5 Rc6 48. Rxa5 Ke6 49. h5 Kd6 50. Rb5 Kc7 51. a5 Ra6 52. Rff5 Kc6 53. Rfc5+ Kd6 54. Kb4 Ra7 55. Rb6+ Kd7 56. Rd5+ Kc7 57. c4 Bh4 58. Kb5 Bf6 59. a6 Bh4 60. Rb7+ Rxb7+ 1-0

[Event "POL-chT U19 1st League"]
[Site "Karpacz"]
[Date "2013.07.26"]
[Round "4"]
[White "Czaplewska, Klara"]
[Black "Cyboran, Katarzyna"]
[Result "1/2-1/2"]
[WhiteElo "1689"]
[BlackElo "1763"]
[PlyCount "88"]
[EventDate "2013.07.22"]
[EventType "team-tourn"]
[EventRounds "9"]
[EventCountry "POL"]
[SourceTitle "EXT 2014"]
[Source "ChessBase"]
[SourceDate "2013.11.20"]
[SourceVersion "1"]
[SourceVersionDate "2013.11.20"]
[SourceQuality "1"]
[WhiteTeam "Koszalin Hetman Politechnika U19"]
[BlackTeam "Czarna LKSz GCKiP U19"]
[WhiteTeamCountry "POL"]
[BlackTeamCountry "POL"]

1. e4 c5 2. Nf3 Nc6 3. d4 cxd4 4. Nxd4 d5 5. exd5 Qxd5 6. Be3 e6 7. Nc3 Bb4 8. Ndb5 Qe5 9. Qd3 a6 10. Nd4 Nxd4 11. Qxd4 Bxc3+ 12. bxc3 Qxd4 13. Bxd4 Nf6 14. Be2 0-0 15. 0-0 Re8 16. f4 Nd5 17. Rab1 f6 18. c4 Nxf4 19. Rxf4 e5 20. Bh5 Re6 21. Bxe5 Rxe5 22. Bf3 Rb8 23. Rd4 Kf7 24. Rd6 b5 25. cxb5 Rbxb5 26. Rbd1 Rb2 27. Rc6 Be6 28. Rxa6 Rxc2 29. a4 Ra2 30. h3 Bc4 31. Ra7+ Re7 32. Rxe7+ Kxe7 33. Bc6 Be6 34. Kh2 Rc2 35. Bb5 Rc3 36. Rd2 Ra3 37. Kg1 Ra1+ 38. Kf2 Ra3 39. Ke1 Ra1+ 40. Kf2 Ra3 41. Ke1 f5 42. Ke2 Kf6 43. Rd3 Ra2+ 44. Rd2 Rxa4 1/2-1/2

[Event "POL-ch U18 Girls"]
[Site "Szczyrk"]
[Date "2013.??.??"]
[Round "5"]
[White "Cyboran, Katarzyna"]
[Black "Skoczek, Karolina"]
[Result "1-0"]
[WhiteElo "1757"]
[BlackElo "1529"]
[PlyCount "71"]
[EventDate "2013.03.17"]
[EventType "swiss"]
[EventRounds "9"]
[EventCountry "POL"]
[SourceTitle "CBM 153 Extra"]
[Source "ChessBase"]
[SourceDate "2013.04.22"]
[SourceVersion "1"]
[SourceVersionDate "2013.04.22"]
[SourceQuality "1"]

1. e4 c6 2. d4 d5 3. Nc3 dxe4 4. Nxe4 Bf5 5. Ng3 Bg6 6. Nf3 Nf6 7. h4 h6 8. h5 Bh7 9. Bd3 Bxd3 10. Qxd3 e6 11. Bf4 Be7 12. 0-0-0 0-0 13. Ne5 Nbd7 14. Ne4 c5 15. Nxd7 Qxd7 16. Nxf6+ Bxf6 17. Qg3 Qa4 18. Bxh6 Kh7 19. Bg5 Bxd4 20. Kb1 Qb5 21. c3 Bf6 22. h6 Bxg5 23. hxg7+ Kg6 24. gxf8Q Rxf8 25. f4 c4 26. fxg5 Qxg5 27. Qxg5+ Kxg5 28. Rd7 e5 29. Kc2 f5 30. Kd2 f4 31. Rd5 Re8 32. Rh7 Kg4 33. Rg7+ Kh4 34. Rd6 Rh8 35. Re6 Rh5 36. Reg6 1-0

[Event "Rewal op-A 17th"]
[Site "Rewal"]
[Date "2012.08.27"]
[Round "6"]
[White "Cyboran, Katarzyna"]
[Black "Bes, Michal"]
[Result "1/2-1/2"]
[WhiteElo "1773"]
[BlackElo "1977"]
[PlyCount "76"]
[EventDate "2012.08.20"]
[EventType "swiss"]
[EventRounds "9"]
[EventCountry "POL"]
[SourceTitle "CBM 150 Extra"]
[Source "ChessBase"]
[SourceDate "2012.10.19"]
[SourceVersion "1"]
[SourceVersionDate "2012.10.19"]
[SourceQuality "1"]

1. e4 c5 2. Nf3 d6 3. d4 Nf6 4. Nc3 cxd4 5. Qxd4 Nc6 6. Bb5 Bd7 7. Bxc6 Bxc6 8. Bg5 Qa5 9. 0-0-0 0-0-0 10. Be3 e6 11. Nd2 d5 12. Nb3 Qa6 13. Bg5 Be7 14. e5 Ng8 15. Be3 Kb8 16. f4 Nh6 17. Nc5 Qa5 18. Nb3 Qa6 19. Nc5 Qb6 20. Nb3 Qxd4 21. Nxd4 Bd7 22. Rhf1 g6 23. h3 Nf5 24. Nxf5 gxf5 25. g4 fxg4 26. hxg4 h5 27. gxh5 Rxh5 28. Rh1 Rdh8 29. Rxh5 Rxh5 30. Rg1 Rf5 31. Ne2 Bc5 32. Kd2 d4 33. Nxd4 Bxd4 34. Bxd4 Rxf4 35. Be3 Rf5 36. Rg5 Rf3 37. Rg2 f6 38. Rf2 Rxf2+ 1/2-1/2

[Event "POL-chT U19 43th"]
[Site "Suchedniow"]
[Date "2012.07.??"]
[Round "6"]
[White "Cyboran, Katarzyna"]
[Black "Czaplewska, Klara"]
[Result "0-1"]
[WhiteElo "1757"]
[BlackElo "1733"]
[PlyCount "112"]
[EventDate "2012.07.21"]
[EventType "team-tourn"]
[EventRounds "9"]
[EventCountry "POL"]
[SourceTitle "EXT 2014"]
[Source "ChessBase"]
[SourceDate "2013.11.20"]
[SourceVersion "1"]
[SourceVersionDate "2013.11.20"]
[SourceQuality "1"]
[WhiteTeam "Czarna LKSz GCKiP U19"]
[BlackTeam "Koszalin Hetman Politechnika U19"]
[WhiteTeamCountry "POL"]
[BlackTeamCountry "POL"]

1. e4 e5 2. d4 exd4 3. Qxd4 Nc6 4. Qe3 Nf6 5. Nc3 Bb4 6. Bd2 0-0 7. Bc4 d6 8. 0-0-0 Re8 9. f3 Ne5 10. Be2 Bc5 11. Qg5 h6 12. Qg3 Nh5 13. Qe1 Ng6 14. g4 Nhf4 15. Qg3 Nxe2+ 16. Ngxe2 Ne5 17. g5 h5 18. Nf4 h4 19. Qg2 c6 20. Rhe1 Nc4 21. Nh5 Kf8 22. g6 f6 23. Bf4 Qb6 24. Na4 Qb4 25. b3 b5 26. c3 Qa3+ 27. Kb1 bxa4 28. Bc1 axb3 29. Bxa3 Nxa3+ 30. Kc1 bxa2 31. Qxa2 Be6 32. Qa1 Rab8 33. Kd2 Nc4+ 34. Kc2 Rb5 35. Qc1 Reb8 36. Nf4 Rb2+ 37. Qxb2 Rxb2+ 38. Kc1 Bg8 39. Nd3 Rb5 40. Nxc5 Rxc5 41. Rd4 Ke7 42. f4 a5 43. e5 fxe5 44. fxe5 Nxe5 45. Rxh4 Rxc3+ 46. Kd2 Rb3 47. Rh8 Rb8 48. h4 Kf6 49. Rf1+ Kxg6 50. h5+ Kg5 51. h6 gxh6 52. Rg1+ Ng4 53. Kc3 a4 54. Ra1 Ra8 55. Kb4 c5+ 56. Kc3 a3 0-1